000
00289nam a2200121Ia 4500
005
20251222155120.0
008
251222s9999||||xx |||||||||||||| ||spa||
082
_a
MAN.152
100
_a
MINSA
245
0
_a
Guia del tutor, manejo de la tuberculosis Vol.9
264
_b
Minsa
942
_c
LIB
999
_c
38386
_d
38386